000 007130000a22002170004500
090 _aAR
_b04528
100 1 _aSchuttler, Elke
_998493
700 1 _aKlenke, Reinhard
_998494
700 1 _aMcGehee, Steven
_998495
700 1 _aRozzi, Ricardo
_998496
700 1 _aJax, Kurt
_9380
245 1 0 _aVulnerability of ground-nesting waterbirds to predation by invasive american mink in the Cape Horn Biosphere Reserve, Chile
041 0 _aInglés
650 1 4 _aInvasiones biológicas
_985
650 1 4 _aAves acuáticas
_993167
650 1 4 _aDepredadores
_912708
650 1 4 _aAnidación
_93706
651 4 _pChile
_lIsla Navarino
_992749
942 _cARTICULO
773 1 _tBological conservation
_q1450-1460
_d2009
_g142
999 _c13628
_d13628